Normal view
MARC view
Entry Topical Term
001 - CONTROL NUMBER
- control field: 24487
003 - CONTROL NUMBER IDENTIFIER
- control field: ARRUPE
005 - DATE AND TIME OF LATEST TRANSACTION
- control field: 20160802153948.0
008 - FIXED-LENGTH DATA ELEMENTS
- fixed length control field: 160802|| aca||aabn | a|a d
040 ## - CATALOGING SOURCE
- Original cataloging agency: ARRUPE
- Transcribing agency: ARRUPE
150 ## - HEADING--TOPICAL TERM
- Topical term or geographic name as entry element: Science and civilisation
670 ## - SOURCE DATA FOUND
- Source citation: Work cat.: (ARRUPE): Bouwsma, William J. 24486, The Warning of the renaissance 1550-1640, 2000